| 000 | 00516nam a2200169Ia 4500 | ||
|---|---|---|---|
| 999 |
_c20015 _d20015 |
||
| 003 | OSt | ||
| 005 | 20201117161153.0 | ||
| 008 | 190216s9999||||xx |||||||||||||| ||und|| | ||
| 040 | _coclc | ||
| 082 |
_a494.8 _bSTE/S |
||
| 100 |
_aSteever, Sanford B _96686 |
||
| 245 | 4 |
_aThe Serial Verb Formation In The Dravidian Languages / _cSanford B Steever |
|
| 260 |
_bMotilal Benasidas, _c1988. _aDelhi: |
||
| 300 | _a135p | ||
| 650 | _aIndian History | ||
| 942 |
_cBK _2ddc _h494.8 _iSTE/S _k494.8 _mSTE/S |
||